Classical mechanics: For MSc (Physics), BSc (honours), BE, NET, Gate and other competitive examination (Record no. 114856)

MARC details
000 -LEADER
fixed length control field 00439nam a2200145Ia 4500
008 - FIXED-LENGTH DATA ELEMENTS--GENERAL INFORMATION
fixed length control field 230917s9999||||xx |||||||||||||| ||und||
040 ## - CATALOGING SOURCE
-- 87897
Original cataloging agency VIVEKANANDA LIBRARY
041 ## - Language
-- English
082 ## - DDC NUMBER
Classification number 531 U1C
100 ## - MAIN ENTRY--PERSONAL NAME
Personal name Upadhyaya, J C
245 #0 - TITLE STATEMENT
Title Classical mechanics: For MSc (Physics), BSc (honours), BE, NET, Gate and other competitive examination
260 ## - PUBLICATION, DISTRIBUTION, ETC. (IMPRINT)
Place of publication, distribution, etc Bombay
Name of publisher, distributor, etc Himalaya Publishing House
Date of publication, distribution, etc 2003
300 ## - PHYSICAL DESCRIPTION
Pages xii, 506 p.
942 ## - ADDED ENTRY ELEMENTS (KOHA)
Koha item type Books
Holdings
Withdrawn status Lost status Damaged status Not for loan Location (home branch) Sublocation or collection (holding branch) Date acquired Koha issues (times borrowed) Koha full call number Accession No. Koha date last seen Koha item type
        VIVEKANANDA LIBRARY VIVEKANANDA LIBRARY 18/04/2003 6 531 U1C 204688 17/12/2025 Books
© Designed and Maintained by Vivekananda Library, MDU Rohtak